| Tag |
First Indicator |
Second Indicator |
Subfields |
| LEADER |
00000cam a2200000 i 4500 |
| 001 |
in00004434021 |
| 005 |
20210422112839.0 |
| 006 |
m do | | |
| 007 |
cr ||||||||||| |
| 008 |
200517s2021 enk ob 001 0 eng |
| 010 |
|
|
|a 2020018865
|
| 020 |
|
|
|a 9780429261671
|q electronic book
|
| 020 |
|
|
|a 0429261675
|
| 020 |
|
|
|z 9780367204075
|q hardcover
|
| 020 |
|
|
|z 9780367204693
|q paperback
|
| 024 |
8 |
|
|a 40030304195
|
| 035 |
|
|
|a (DLC)ybp16739956
|
| 040 |
|
|
|a NhCcYBP
|c NhCcYBP
|d UtOrBLW
|
| 042 |
|
|
|a pcc
|
| 050 |
|
4 |
|a LB2369
|b .N94 2021
|
| 082 |
0 |
0 |
|a 808.06/6378
|2 23
|
| 100 |
1 |
|
|a Nygaard, Lynn P.,
|e author.
|0 http://id.loc.gov/authorities/names/n2009044981
|
| 245 |
1 |
0 |
|a Strategies for writing a thesis by publication in the social sciences and humanities /
|c Lynn P. Nygaard, Kristin Solli.
|
| 264 |
|
1 |
|a Abingdon, Oxon ;
|a New York, NY :
|b Routledge,
|c 2021.
|
| 300 |
|
|
|a 1 online resource.
|
| 336 |
|
|
|a text
|b txt
|2 rdacontent
|
| 337 |
|
|
|a computer
|b n
|2 rdamedia
|
| 338 |
|
|
|a online resource
|b nc
|2 rdacarrier
|
| 504 |
|
|
|a Includes bibliographical references and index.
|
| 505 |
0 |
|
|a Introduction: The doctorate in pieces -- The thesis by publication as an emerging genre -- The writing process : learning to juggle and finding your voice -- Demonstrating doctorateness through the narrative -- Finding out what is expected from you : rules, conventions and guidelines -- The structural elements of the narrative -- Making your doctorate your own : developing your academic identity.
|
| 588 |
|
|
|a Description based upon online resource; title from PDF title page (viewed October 22, 2020).
|
| 500 |
|
|
|a Electronic resource.
|
| 650 |
|
0 |
|a Dissertations, Academic
|x Authorship.
|
| 650 |
|
0 |
|a Academic writing.
|0 http://id.loc.gov/authorities/subjects/sh93009381
|
| 650 |
|
0 |
|a Scholarly publishing.
|0 http://id.loc.gov/authorities/subjects/sh85118235
|
| 650 |
|
0 |
|a Doctor of philosophy degree.
|0 http://id.loc.gov/authorities/subjects/sh85038715
|
| 650 |
|
0 |
|a Social sciences
|x Research
|x Methodology.
|0 http://id.loc.gov/authorities/subjects/sh2008111864
|
| 650 |
|
0 |
|a Humanities
|x Research
|x Methodology.
|
| 655 |
|
7 |
|a Electronic books.
|2 local
|
| 700 |
1 |
|
|a Solli, Kristin,
|e author.
|0 http://id.loc.gov/authorities/names/no2020065276
|
| 710 |
2 |
|
|a Taylor & Francis.
|0 http://id.loc.gov/authorities/names/n84073022
|
| 776 |
1 |
8 |
|i Print version:
|a Nygaard, Lynn P..
|t Strategies for writing a thesis by publication in the social sciences and humanities
|d Abingdon, Oxon ; New York, NY : Routledge, 2021.
|z 9780367204075
|w (DLC) 2020018864
|
| 856 |
4 |
0 |
|u http://proxy.library.tamu.edu/login?url=https://www.taylorfrancis.com/books/9780429261671
|z Connect to the full text of this electronic book
|t 0
|
| 945 |
|
|
|b 743711
|
| 955 |
|
|
|a YBP purchased approval e-records
|
| 980 |
|
|
|b 154.00
|g 1
|
| 999 |
f |
f |
|s dd853465-8b48-3984-9e74-1ee33e720360
|i 9c8a22b6-c3e9-354f-a4e7-165fa8049ed0
|t 0
|
| 952 |
f |
f |
|a Texas A&M University
|b College Station
|c Electronic Resources
|d Available Online
|t 0
|e LB2369 .N94 2021
|h Library of Congress classification
|
| 998 |
f |
f |
|a LB2369 .N94 2021
|t 0
|l Available Online
|